| 000 | 00393cam a22001337a 4500 | ||
|---|---|---|---|
| 008 | 180718b1976 xxu||||| |||| 00| 0 eng d | ||
| 020 | _a011630233X | ||
| 082 | _aK Un3m | ||
| 245 |
_aManpower planning in the civil service _cedited by A.R. Smith |
||
| 260 |
_aLondon _bHer Majesty's Stationery Office _c1976 |
||
| 300 | _a292+p. | ||
| 440 | _aCivil service studies no. 3 | ||
| 700 | _aSmith, A.R. | ||
| 999 |
_c490586 _d490586 |
||